000 00677nam a22001937a 4500
999 _c177092
_d177092
005 20210208150525.0
010 _aB-736852
020 _a9789386506627
_c150.00
035 _aB-736852
037 _bGift/Eng/03-02-2021
082 _a230.31
100 _aRamaswamy, Chitra
245 _aHanuman /
_cby Chitra Ramaswamy
260 _aBengaluru
_bPrism Books
_c2018
270 _a1865, 32nd Cross, 10th Main BSK II Stage
_bBangaluru
_e560070
300 _a118p.
_c21cm(pbk)
_bcol. photos
942 _2ddc
_cEN
_mRAM
_h230.31